000 00342nam a2200145Ia 4500
008 230711s9999||||xx |||||||||||||| ||und||
041 _aENG
082 _a720
_bBO-G
100 _aJohnson,S. D.Alliene
245 0 _aGarden rooms
250 _a1st Ed.
260 _c1992
_aNew Delhi
_bPradeep publishers
650 _aArchitecture
942 _cBK
999 _c2976
_d2976